[Event "La Zubia op 13th"]
[Site "La Zubia"]
[Date "2024.12.08"]
[Round "7"]
[White "Saez Iniguez, Luis Miguel"]
[Black "Delgado Lozano, Jose Manuel"]
[Result "0-1"]
[WhiteElo "1727"]
[BlackElo "1882"]
[PlyCount "78"]
[EventDate "2024.12.05"]
[EventType "swiss"]
[EventRounds "7"]
[EventCountry "ESP"]
[SourceTitle "CB04_2025"]
[SourceDate "2025.01.22"]
[SourceVersion "1"]
[SourceVersionDate "2025.01.22"]
[SourceQuality "1"]

1. d4 d5 2. Bf4 Nf6 3. e3 c5 4. Nf3 Nc6 5. c3 Qb6 6. Qb3 e6 7. h3 Be7 8. Be2 0-0 9. Nbd2 Nd7 10. 0-0 Bf6 11. Bb5 a6 12. Bxc6 Qxc6 13. Ne5 Nxe5 14. dxe5 Be7 15. Bh2 b5 16. a3 Bb7 17. Nf3 Rfd8 18. Rfd1 Rac8 19. Rac1 Rd7 20. Rd2 Bd8 21. Qd1 Bb6 22. b4 h6 23. bxc5 Qxc5 24. Ra2 Ba5 25. Qd4 Bxc3 26. Qxc5 Rxc5 27. Rac2 Rdc7 28. Kh1 Rc4 29. Ng1 Bb2 30. Rxc4 dxc4 31. Rc2 c3 32. f3 Bxa3 33. Ne2 b4 34. Nd4 Bc6 35. Bf4 Ba4 36. Ra2 c2 37. e4 c1Q+ 38. Bxc1 Rxc1+ 39. Kh2 Rc4 0-1

[Event "La Zubia op 13th"]
[Site "La Zubia"]
[Date "2024.12.05"]
[Round "1"]
[White "Saez Iniguez, Luis Miguel"]
[Black "Espinosa Aranda, Angel"]
[Result "0-1"]
[WhiteElo "1727"]
[BlackElo "2449"]
[PlyCount "86"]
[EventDate "2024.12.05"]
[EventType "swiss"]
[EventRounds "7"]
[EventCountry "ESP"]
[SourceTitle "CB04_2025"]
[SourceDate "2025.01.22"]
[SourceVersion "1"]
[SourceVersionDate "2025.01.22"]
[SourceQuality "1"]

1. d4 d6 2. Bf4 Nd7 3. Nf3 Ngf6 4. Nbd2 Nh5 5. Bg3 Nxg3 6. hxg3 e5 7. e3 Qe7 8. Bd3 g6 9. c3 Bg7 10. Qb3 a5 11. a4 0-0 12. 0-0-0 c6 13. Bb1 d5 14. e4 exd4 15. cxd4 Nf6 16. Rde1 Qc7 17. Rh4 c5 18. exd5 cxd4+ 19. Qc4 Qd6 20. Nxd4 Bd7 21. Nb5 Bxb5 22. Qxb5 Rac8+ 23. Kd1 Rc5 24. Qb3 Rfc8 25. Ke2 Rxd5 26. Nc4 Qa6 27. Kf1 g5 28. Kg1 gxh4 29. Nb6 Rdd8 30. Nxc8 Rxc8 31. gxh4 Qc6 32. Ba2 Qc7 33. Qf3 Re8 34. Rxe8+ Nxe8 35. Qe2 Nd6 36. g3 Qc1+ 37. Kg2 Qxb2 38. Qd3 Bd4 39. Bb1 Qxf2+ 40. Kh3 f5 41. Qb3+ Kg7 42. Ba2 Qf1+ 43. Kh2 Qg1+ 0-1